1643 1212 1798 1497 1601 1906 1912 1966 1891 1442 1890 1943 1487 1632 1270 1966 1320 1660 1055 1510 1890 1884 1933 1466 1471 1913 1659 1039 1129 1914 1640 1312 1057 1077 1128 1769 1003 1819 1501 1760 1193 1333 1529 1998 1045 1057 1791 1646 1342 1961 1310 1489 1381 1250 1593 1855 1683 1638 1562 1870 1547 1292 1298 1185 1661 1111 1875 1285 1909 1137 1545 1287 1180 1439 1560 1348 1236 1445 1578 1175 1777 1209 1888 1907 1029 1297 1036 1802 1508 1959 1550 1175 1948 1322 1250 1764 1785 1678 1468 BCNSPRNW ULIB Ver.6.0+V

เปลี่ยนเป็นภาษาไทย

Change to English
 แสดงรายละเอียดบรรณานุกรม
  กลับหน้าหลัก

Brief Record : Get Marc (ISO 2709) : E-mail record : QR code < ปิดหน้าต่าง
LEADER : 00000nam 2200000uu 4500
001    13399123847
003     ULIB
008    141204s2556 th a 000 0 tha d
020    9789746727822
060  4 QS4^bผ381ก
100    ผาสุก มหรรฆานุเคราะห์
245    กายวิภาคศาสตร์และนิติมานุษยวิทยาของกระดูกมนุษย์./^cผาสุก มหรรฆานุเคราะห์ ; บรรณาธิการ
250    พิมพ์ครั้งที่ 2
260    เชียงใหม่ :^bคณะแพทยศาสตร์ มหาวิทยาลัยเชียงใหม่,^c2556
300    220 หน้า
650    กายวิภาคศาสตร์^xกระดูก
710 1  มหาวิทยาลัยเชียงใหม่.^bคณะแพทยศาสตร์.
945    ^p400^l0^i22371
945    ^p400^l0^i22372
945    ^p400^l0^i22373
945    ^p400^l0^i22374
945    ^p400^l0^i22375
945    ^p400^l0^i22376
945    ^p400^l0^i22377
945    ^p400^l0^i22378
999    ^aทศพร เกษรทอง
รายการนี้ยังไม่มีแท็ก
คุณยังไม่ได้ล็อกอิน คุณสามารถมีกิจกรรมร่วมกับเว็บไซต์ได้ แต่ต้องล็อกอินก่อน ::
  ล็อกอิน

รายการสื่อสารสนเทศ

ลำดับที่ ประเภท เลขเรียก/บาร์โค้ด สถานที่ สถานะ
1. วิทยาศาสตร์การแพทย์ และสุขภาพ
หนังสือสำรอง
สถานะ=หนังสือสำรอง
QS4 ผ381ก ฉ.1 
  Barcode: 22371
ห้องสมุดวิทยาเขตนครสวรรค์
►หนังสือทั่วไป:l:General Books
บนชั้น
2. วิทยาศาสตร์การแพทย์ และสุขภาพ
วิทยาศาสตร์การแพทย์ และสุขภาพ
QS4 ผ381ก ฉ.2 
  Barcode: 22372
ห้องสมุดวิทยาเขตนครสวรรค์
►หนังสือทั่วไป:l:General Books
บนชั้น
3. วิทยาศาสตร์การแพทย์ และสุขภาพ
วิทยาศาสตร์การแพทย์ และสุขภาพ
QS4 ผ381ก ฉ.3 
  Barcode: 22373
ห้องสมุดวิทยาเขตนครสวรรค์
►หนังสือทั่วไป:l:General Books
บนชั้น
4. วิทยาศาสตร์การแพทย์ และสุขภาพ
วิทยาศาสตร์การแพทย์ และสุขภาพ
QS4 ผ381ก ฉ.4 
  Barcode: 22374
ห้องสมุดวิทยาเขตนครสวรรค์
►หนังสือทั่วไป:l:General Books
บนชั้น
5. วิทยาศาสตร์การแพทย์ และสุขภาพ
วิทยาศาสตร์การแพทย์ และสุขภาพ
QS4 ผ381ก ฉ.5 
  Barcode: 22375
ห้องสมุดวิทยาเขตนครสวรรค์
►หนังสือทั่วไป:l:General Books
บนชั้น
6. วิทยาศาสตร์การแพทย์ และสุขภาพ
วิทยาศาสตร์การแพทย์ และสุขภาพ
QS4 ผ381ก ฉ.6 
  Barcode: 22376
ห้องสมุดวิทยาเขตนครสวรรค์
►หนังสือทั่วไป:l:General Books
บนชั้น
7. วิทยาศาสตร์การแพทย์ และสุขภาพ
วิทยาศาสตร์การแพทย์ และสุขภาพ
QS4 ผ381ก ฉ.7 
  Barcode: 22377
ห้องสมุดวิทยาเขตนครสวรรค์
►หนังสือทั่วไป:l:General Books
บนชั้น
8. วิทยาศาสตร์การแพทย์ และสุขภาพ
วิทยาศาสตร์การแพทย์ และสุขภาพ
QS4 ผ381ก ฉ.8 
  Barcode: 22378
ห้องสมุดวิทยาเขตนครสวรรค์
►หนังสือทั่วไป:l:General Books
บนชั้น

รายการใกล้เคียง
    ผู้แต่ง [ผาสุก มหรรฆานุเคราะห์]

BibComment


ยังไม่เคยถูกคอมเมนท์

คอมเมนท์ทรัพยากรรายการนี้
  คอมเมนท์: กายวิภาคศาสตร์และ..


 Copyright 2026. Bcnsprnw @Library